1329 1489 1010 1743 1268 1654 1529 1606 1688 1609 1256 1095 1968 1102 1257 1604 1318 1142 1717 1665 1611 1516 1394 1199 1341 1604 1139 1106 1479 1853 1965 1323 1551 1611 1350 1252 1594 1100 1891 1070 1108 1828 1373 1354 1144 1588 1665 1391 1376 1482 1278 1688 1503 1861 1088 1624 1605 1443 1387 1830 1004 1639 1328 1884 1032 1432 1100 1181 1909 1996 1973 1192 1072 1555 1433 1990 1802 1106 1659 1835 1356 1001 1387 1059 1225 1292 1676 1775 1120 1207 1714 1991 1826 1645 1087 1176 1747 1901 1360 BCNSPRNW ULIB Ver.6.0+V

เปลี่ยนเป็นภาษาไทย

Change to English
 แสดงรายละเอียดบรรณานุกรม
  กลับหน้าหลัก

Brief Record : Get Marc (ISO 2709) : E-mail record : QR code < ปิดหน้าต่าง
LEADER : 00000nam 2200000uu 4500
001    13399122443
003     ULIB
008    130612s2553||||th 000 0 tha d
020    ^a9789744664198
020    ^a9789744664327
060 04 ^aWW290^bม321ต
100 0  ^aมัญชิมา มะกรวัฒนะ
245 10 ^aตำรา ต้อหิน /^cมัญชิมา มะกรวัฒนะ
250    ^aพิมพ์ครั้งที่ 1
260    ^aปทุมธานี :^bโรงพิมพ์มหาวิทยาลัยธรรมศาสตร์,^c2553
300    ^a136 หน้า :^bภาพประกอบสี ;^c22 ซม.
650  2 ^aGlaucoma
650  2 ^aGlaucoma^xsurgery
650  7 ^aต้อหิน
650  7 ^aต้อหิน^xการรักษา
650  7 ^aตา, โรค
945    ^p250^l0^i19923
995    ^aทศพร
999    ^aทศพร
รายการนี้ยังไม่มีแท็ก
คุณยังไม่ได้ล็อกอิน คุณสามารถมีกิจกรรมร่วมกับเว็บไซต์ได้ แต่ต้องล็อกอินก่อน ::
  ล็อกอิน

รายการสื่อสารสนเทศ

ลำดับที่ ประเภท เลขเรียก/บาร์โค้ด สถานที่ สถานะ
1. วิทยาศาสตร์การแพทย์ และสุขภาพ
วิทยาศาสตร์การแพทย์ และสุขภาพ
WW290 ม321ต ฉ.1 
  Barcode: 19923
ห้องสมุดวิทยาเขตนครสวรรค์
►ส่วนจัดเก็บหนังสือเก่า นว.
บนชั้น
  ขอยืม

รายการใกล้เคียง
    ผู้แต่ง [มัญชิมา มะกรวัฒนะ]

    หัวเรื่อง [Glaucoma]
    หัวเรื่อง [ต้อหิน]
    หัวเรื่อง [ตา, โรค]

BibComment


ยังไม่เคยถูกคอมเมนท์

คอมเมนท์ทรัพยากรรายการนี้
  คอมเมนท์: ตำรา ต้อหิน มัญ..


 Copyright 2026. Bcnsprnw @Library